000 00649nam a2200229 a 4500
001 BRCA_5992
005 20190320205306.0
008 290311s1968----enka######---#000-0#eng-#
041 _aeng
044 _aenk
050 4 _aNK7162
_b.O43 1968
100 1 _aOman, Charles
_913452
245 1 0 _aThe Golden age of Hispanic silver 1400-1665
_cby Charles Oman.
260 _aLondres
_bHer Majesty´s Stationery Office
_c1968
300 _a71 p.
_bil., 179 láminas
_c28 cm.
500 _aEdición con cantos dorados
500 _aG103
504 _aBibliografía: p. 59-62
650 1 4 _aPlatería española
_93072
902 _aGFM
942 _2lcc
_cB
999 _c5681
_d5681